000 01272nam a2200241Ii 4500
003 JO-AjNU
005 20240629141901.0
008 230605s9999||||xx |||||||||||||| ||und||
040 _aJO-AjNU
_bara
_erda
_cJO-AjNU
041 _aara
050 1 4 _aK740.2018
100 _aالجنابي، سعد حمدان حمود
_eمعد
_965829
245 0 0 _aحق الاجنبي في تملك العقارات دراسه مقارنه في القانون الاردني والقانون العراقي والاتفاقيات الدوليه=Foreign right to own real estate in the jordanian and iraq law and international agreements comparative study
_c/ اعداد سعد حمدان حمود الجنابي ؛ اشراف طلال ياسين العيسى
264 3 1 _a2018
300 _a151 ورقه
336 _atext
_btxt
_2rdacontent
337 _aunmediated
_bn
_2rdamedia
338 _avolume
_bnc
_2rdacarrier
500 _aرساله جامعيه (ماجستير في القانون) - جامعة عجلون الوطنيه (عجلون ، الاردن) ، كلية القانون ، 2018
650 4 _aالعقارات- قوانين وتشريعات -الاردن - العراق
_958374
700 _aالعيسى، طلال ياسين
_964930
_eمشرف
942 _2lcc
_cTHS
999 _c29778
_d29778